000 00715nam a2200217Ia 4500
001 9322
003 GE_BSU
008 181216s||||||||xx |||||||||||||| ||und||
040 _cGE_BSU
100 _aმამფორია,ოთარ
245 _aცისკრის ვარკვლავი
245 _bლექსები
245 _cრედ.მ.ფოცხიშვილი.მხატვ.ირ.ჯანაშვილი
260 _aთბილისი
260 _bსაბჭოთა მწერალი
260 _c1959
300 _a133გვ.17სმ.
653 _aლექსები
653 _aცისკრის ვარკვლავი
942 _cBK
999 _c42618
_d42618